Voitures : un pays, sa marque. - Statistiques

Statistiques générales
  • Ce quiz a été pris 940 fois
    939 depuis la dernière actualisation
  • Le résultat moyen est 9 sur 12
Statistiques - réponses
Pays Réponses % Correct
France Renault/Peugeot/Citroën/Bugatti/Alpine
100%
Allemagne Volkswagen/BMW/Mercedes/Audi/Porsche/Opel
100%
Japon Toyota/Honda/Nissan/Mazda/Suzuki
98%
Italie Ferrari/Lamborghini/Fiat/Maserati
97%
USA Ford/Chevrolet/Tesla/Cadillac
92%
Royaume-Uni Aston Martin/Bentley/Rolls Royce/Mini/Land Rover/Jaguar
91%
Espagne Seat/Cupra
76%
Suède Volvo/Koenigsegg
70%
Corée du Sud Hyundai/Kia/Genesis
68%
République Tchèque Skoda
59%
Chine BYD/Geely/Chery/Changan/Lynk & Co
51%
Inde Tata/Mahindra
46%
Aucun quiz correspondant
Distribution des résultats
% des personnes avec chaque résultat
Percentile par nombre de réponses
Votre historique - résultats
Vous n’avez pas pris ce quiz depuis la dernière actualisation